Časová optimalizácia pracovných procesov ako prostriedok progresívneho riadenia a automatizácie výroby autoreferát habilitačnej práce k habilitačnému konaniu za docenta v odbore habilitačného konania a inauguračného konania : strojárstvo
| Main Author: | |
|---|---|
| Format: | Book |
| Language: | Slovak |
| PhysicalDescription: | 55 strán farebné fotografie a ilustrácie, grafy, schémy, tabuľky 25 cm |
| Published: |
Košice
Technická univerzita v Košiciach, Strojnícka fakulta
2025
|
| ISBN: | 9788055347967 |
| Edition: | Vydanie prvé, nepredajné |
| Series: | Edícia vedeckej a odbornej literatúry
Vedecké spisy Strojníckej fakulty TUKE zväzok 03 Habilitačné a inauguračné spisy |
| Subjects: |
MARC
| LEADER | 00000cam a2200000 4500 | ||
|---|---|---|---|
| 001 | vtls012282936 | ||
| 003 | SK-MaSNL | ||
| 005 | 20260302063419.0 | ||
| 008 | 250918s2025 xo oal f mn 000 0 slo | ||
| 015 | |a SNBA2025/11 | ||
| 020 | |a 9788055347967 |q (brožované) | ||
| 040 | |a SNK |b slo |c SNK |e rda | ||
| 041 | 0 | |a slo |b eng |b slo | |
| 044 | |a xo |c SK | ||
| 072 | 7 | |a 658 |x Riadenie a správa podniku |2 konspekt | |
| 080 | |a 658.5:005.12 |2 2011 | ||
| 080 | |a 658.5 |2 2011 | ||
| 080 | |a 658.5-025.21 |2 2011 | ||
| 080 | |a (048.3) |2 2011 | ||
| 080 | |a (043.5) |2 2011 | ||
| 080 | |a 62:005.83 |2 2011 | ||
| 080 | |a 005.591.1 |2 2011 | ||
| 100 | 1 | |a Malega, Peter, |d 1982- |4 aut |9 200050 | |
| 245 | 1 | 0 | |a Časová optimalizácia pracovných procesov ako prostriedok progresívneho riadenia a automatizácie výroby |b autoreferát habilitačnej práce k habilitačnému konaniu za docenta v odbore habilitačného konania a inauguračného konania : strojárstvo |c Peter Malega |
| 246 | 1 | |i Obálkový podnázov: |a Autoreferát habilitačnej práce | |
| 250 | |a Vydanie prvé, nepredajné | ||
| 264 | 1 | |a Košice |b Technická univerzita v Košiciach, Strojnícka fakulta |c 2025 | |
| 300 | |a 55 strán |b farebné fotografie a ilustrácie, grafy, schémy, tabuľky |c 25 cm | ||
| 336 | |a text |b txt |2 rdacontent | ||
| 337 | |a bez média |b n |2 rdamedia | ||
| 338 | |a zväzok |b nc |2 rdacarrier | ||
| 366 | |e 50 kusov | ||
| 490 | 1 | |a Edícia vedeckej a odbornej literatúry | |
| 490 | 1 | |a Vedecké spisy Strojníckej fakulty TUKE |v zväzok 03 | |
| 490 | 1 | |a Habilitačné a inauguračné spisy | |
| 500 | |a Obsahuje profesijné údaje o autorovi na zadnej strane obálky publikácie | ||
| 504 | |a Obsahuje bibliografiu | ||
| 546 | |a Anglická a slovenská anotácia | ||
| 650 | 0 | 7 | |a priemyselné inžinierstvo |2 SNKPH |9 69507 |
| 650 | 0 | 7 | |a výrobné technológie |2 SNKPH |9 4198 |
| 650 | 0 | 7 | |a Industrial engineering |2 SNKPHeng |9 370374 |
| 650 | 0 | 7 | |a Manufacturing technology |2 SNKPHeng |9 265634 |
| 650 | 0 | 7 | |a manažment výroby |2 SNKPH |9 933 |
| 650 | 0 | 7 | |a výrobné systémy |2 SNKPH |9 29111 |
| 650 | 0 | 7 | |a Production management |2 SNKPHeng |9 94117 |
| 650 | 0 | 7 | |a Manufacturing systems |2 SNKPHeng |9 275577 |
| 650 | 0 | 7 | |a optimalizácia |2 SNKPH |9 22407 |
| 650 | 0 | 7 | |a Optimization |2 SNKPHeng |9 337415 |
| 655 | 7 | |a autoreferáty |2 SNKPH |9 70546 | |
| 655 | 7 | |a habilitačné práce |2 SNKPH |9 70777 | |
| 655 | 7 | |a Abstracts |2 SNKPHeng |9 275616 | |
| 655 | 7 | |a Autoabstracts |2 SNKPHeng |9 238326 | |
| 710 | 2 | |a Technická univerzita v Košiciach. |b Strojnícka fakulta |4 pbl |9 178287 | |
| 810 | 2 | |a Technická univerzita v Košiciach. |b Strojnícka fakulta |t Edícia vedeckej a odbornej literatúry |9 176109 | |
| 810 | 2 | |a Technická univerzita v Košiciach. |b Strojnícka fakulta |t Vedecké spisy Strojníckej fakulty |9 316680 | |
| 810 | 2 | |a Technická univerzita v Košiciach. |b Strojnícka fakulta |t Habilitačné a inauguračné spisy |9 316681 | |
| 852 | |a Slovenská národná knižnica | ||
| 919 | |a 978-80-553-4796-7 | ||
| 954 | |a odborná, vedecká literatúra pôvodná (slovenská) |2 lita | ||
| 958 | |a NB | ||
| 999 | |c 1132549 |d 1134479 | ||
| 952 | |a SNK |b SNK |y PREZ |7 0 |p 17A1581168 |o snkSC 212106 |i snk2025/16597 |8 0 |0 0 |1 0 |4 0 |d 2025-10-16 |l 0 |r 2026-02-24 19:07:23 |w 2026-02-24 | ||


